Statistics for Can you guess what country does __ belong to? #2

Click here to take the quiz!

General Stats

  • This quiz has been taken 45 times
  • The average score is 10 of 10

Answer Stats

HintAnswer% Correct
BerlinGermany
100%
WalesUnited kingdom
100%
Isle of manUnited kingdom
100%
GuamUnited states
100%
puerto ricoUnited states
100%
American SamoaUnited states
100%
French PolynesiaFrance
98%
LabadorCanada
91%
Lake WinnipegCanada
91%
Cook islandsNew zealand
77%

Score Distribution

Percentile by Number Answered

Percent of People with Each Score

Your Score History

You have not taken this quiz